00435nam a2200169 a 45000010005000000030009000050080041000140400028000550820017000831000017001002450049001172500007001662600035001733000010002084900011002186500036002295843CO-ViMGA141112s2004 ck r 000 u spa d aCO-ViMGAbspacCO-ViMGA04a923.6 K453Ll1 aLlarch, Joan10aMartín Luther King : buna vida por la paz a2a aBarcelona : bJuventud, c1982 a174 p aZ, 18414aKING, MARTIN LUTHER 1929 - 1968